Регионална библиотека "Любен Каравелов" - Русе

Записки по българските въстания (Запис номер 187923)

MARC детайли
000 -Лидер
Контролно поле с фиксирана дължина 01493nam a2200337 c 4500
003 - Код на организацията, давaща контролен номер
Контролно поле BLK
005 - Дата и час на последна редакция
Контролно поле 20230728005207.0
008 - Елементи от данни с фиксирана дължина
fixed length control field 180411b bul|||||r ||||||| ||bul||
010 ## - Наследен системен номер
LC control number KNG00196940000
040 ## - Източник на каталожния запис
Идентификатор на билиотеката - собственик на записа BLK
041 ## - Код за език
Код за езика на текст/звукозапис или на отделно заглавие Български
Код за езика КДБФ Български
080 ## - УДК
Текстов определител УДК Българска литература
УДК код - определител по УДК 821.163.2
УДК определител -94
УДК - код + определител 821.163.2-94
080 ## - УДК
Текстов определител УДК Националнореволюционно движение през 70-те години
УДК код - определител по УДК 94(497.2)"187..."
УДК определител (093)
УДК - код + определител 94(497.2)"187..."(093)
100 ## - Редна дума - Автор
Автор Стоянов, Захарий
Автор - информация (биография) Стоянов, Захари
Дати, свързани с автора 1850-1889
Пълна форма на името Джедев, Джендо Стоянов
Авторска отговорност първи автор
R(LIN) 364101
139 ## - Редно поле
Редна дума Стоянов, Захари
Авторски знак Стоя - С 83
245 10 - Сведения за заглавието
Заглавие Записки по българските въстания
Подзаглавни данни Т. 1 - 3
Редно поле (дума) Захари Стоянов; ил. Стефан Марков.
Том Т. 3.
Заглавие на том Затворите
257 ## - Страна на издаване
Страна на създаване/издаване България
260 ## - Област на издателските данни
-- София
Име на издателя, разпространителя и проч. Бълг. писател
Година на издаване 1987
300 ## - Физическа характеристика
Размери/Мащаб 24 см
380 ## - Жанр
Жанр Худож. лит.
490 1# - СЕРИИ (Колекции)
Име на серия Българска литературна класика
500 ## - Общи забележки
Забележка Офс. изд. - 5 112 тир. - Кн. са в папка.
700 1# - Други автори (авторска отговорност)
Лично име Марков, Стефан
Автороска отговорност (Описва отношението между автора и произведението) ил.
9 (RLIN) 367301
760 1# - Описание на основната серия
Редна дума на основното описание Стоянов, Захари
Място на издаване, издател и година 1987
Страници - том 256 с. : с ил.
Заглавие Т. 3. Затворите
852 ## - Местоположение
Форматна сигнатура Цб 152993
856 4# - Електронен адрес и достъп
Електронен формат pdf - файл
Път до файла /url/
856 4# - Електронен адрес и достъп
Електронен формат pdf - файл
Път до файла /url/
942 ## - АРТИКУЛИ
Вид на библиотечния материал Книги
Скрит в OPAC Не
944 ## - СЪЗДАВАНЕ И РЕДАКЦИЯ на ЗАПИСА
Създаване/Редакция Създаване
Дата на регистрацията/редакция 28.11.2016
Служител, извършил регистрацията/редакцията
Статус, дата на статуса CRON CRON
944 ## - СЪЗДАВАНЕ И РЕДАКЦИЯ на ЗАПИСА
Създаване/Редакция Редакция
Дата на регистрацията/редакция 28.11.2016
Служител, извършил регистрацията/редакцията Нора_Радева
999 ## - СИСТЕМНИ КОНТРОЛНИ НОМЕРА
Koha biblionumber 187923
Koha biblioitemnumber 187923
Наличности
Код за отписване Код за изгубен артикул Източник на класификационната схема Код за повреда Коз за рестрикции Код за отдаване Артикулен № Име на библиотеката - собственик Име на библиотеката, в която се намира в момента Статус (Текущо местоположение) Дата на вписване в системата Местоположение - отдел Цена в лева Инвентарен номер Систематично азбучна сигнатура Баркод Номер на екземпляра Цена в евро Служебна бележка Служебен тип на артикула
  Не е изгубен Universal Decimal Classification Не е повреден без рестрикции ползва се в читалня 328682 Регионална библиотека "Любен Каравелов" Русе Регионална библиотека "Любен Каравелов" Русе Хранилище 1987-01-01 Хранилище 2.52 496457 Цб 152993 120000496457 1 1.29 Вид: Сф Дата: 01.01.1987 Книги
Изтеглен Не е изгубен Universal Decimal Classification Не е повреден без рестрикции заемане за дома 328683 Регионална библиотека "Любен Каравелов" Русе Регионална библиотека "Любен Каравелов" Русе Заемна - подръчен фонд 1987-01-01 Заемна - подръчен фонд 2.52 508494 П 886.7-9/С 83 508494 2 1.29 Вид: Сф Дата: 01.01.1987 Книги
Vip Innovations Ltd, Rousse, Bulgaria 2025